Dokumenty Evropské unie

Prehlásenie Európskej rady k 50. výročiu založenia OSN, prijaté na summite v Cannes - 26. a 27. júna 1995. Európska únia za španielskeho predsedníctva.

Salvato in:
Dettagli Bibliografici
Natura: Capitolo di libro
Lingua:ceco
Soggetti:
Tags: Aggiungi Tag
Nessun Tag, puoi essere il primo ad aggiungerne!!

MARC

LEADER 00000naa a2200000 4500
001 r018359
005 20221208130917.3
041 0 |a cze 
044 |a CZ 
245 1 0 |a Dokumenty Evropské unie 
520 |a Prehlásenie Európskej rady k 50. výročiu založenia OSN, prijaté na summite v Cannes - 26. a 27. júna 1995. Európska únia za španielskeho predsedníctva. 
610 2 0 |a Európska únia 
610 2 0 |a dokumenty